[Event "Djakovo op"]
[Site "Djakovo"]
[Date "1994.??.??"]
[Round "3"]
[White "Lalic, Bogdan"]
[Black "Kosanski, Stanko"]
[Result "1-0"]
[WhiteElo "2520"]
[BlackElo "2425"]

1.d4 g6 2.c4 Bg7 3.Nf3 Nf6 4.Nc3 O-O 5.e4 d6 6.Be2 e5 7.d5 Na6 8.Bg5 h6 9.Bh4 Qe8
10.Nd2 Nh7 11.O-O f5 12.f3 h5 13.exf5 gxf5 14.f4 Nf6 15.Bxf6 Rxf6 16.Bxh5 Qe7
17.g4 fxg4 18.Bxg4 exf4 19.Bxc8 Rxc8 20.Qg4 Rcf8 21.Rae1 Qf7 22.Qf3 Nc5 23.Nce4 Rg6+
24.Kh1 Nd7 25.Rg1 Ne5 26.Qh3 Qf5 27.Qxf5 Rxf5 28.Rxg6 Nxg6 29.Rg1 Ne5 30.Ng5 Kh8
31.Ne6 Bh6 32.Nd4 Rf7 33.N4f3 Re7 34.Re1 Bg7 35.b3 Bf6 36.Nd4 a6 37.Ne6 Rf7
38.Rf1 Bg7 39.Nxf4 Bh6 40.Ng6+ Kg7 41.Nxe5 Rxf1+ 42.Nxf1 dxe5 43.Kg2 e4 44.Ng3 Kf6
45.Nxe4+ Ke5 46.Kf3 b6 47.h4 a5 48.Nc3 Kd6 49.Nb5+ Kd7 50.Nd4  1-0

[Event "Dresden U20"]
[Site "Dresden"]
[Date "1994.??.??"]
[Round "?"]
[White "Keller, Thomas"]
[Black "Dumitrescu, Dragos"]
[Result "0-1"]
[WhiteElo "2160"]
[BlackElo "2345"]

1.d4 Nf6 2.c4 g6 3.Nc3 Bg7 4.e4 d6 5.Nf3 O-O 6.Be2 e5 7.dxe5 dxe5 8.Qxd8 Rxd8
9.Bg5 c6 10.Nxe5 Re8 11.O-O-O Na6 12.Rd6 Be6 13.Nf3 Ng4 14.Nd1 Nc5 15.e5 Nxe5
16.Be3 Ne4 17.Rd4 f5 18.Nd2 c5 19.Rxe4 fxe4 20.Nc3 Nd3+ 21.Kc2 Nb4+ 22.Kb3 b6
23.Ncxe4 a5 24.a4 Bf5 25.Nd6 Bc2+ 26.Ka3 Re6 27.Nb5 Rd8 28.Nf3 Nd3 29.Nc7 Re4
30.Nd2 Rxe3 31.fxe3 Nf2 32.Rf1 Rxd2 33.Rxf2 Bd1 34.Bxd1 Rxf2 35.Bf3 Bxb2+
36.Kb3 Be5 37.Nd5 Rd2 38.h3 Kg7 39.Ka3 h5 40.Be4 Bg3 41.Kb3 Bf2 42.Nxb6 Bxe3
43.Bd5 Rf2 44.Nc8 Bc1 45.Nd6 Rb2+ 46.Kc3 Rb4 47.Bc6 Rb6 48.Ne8+ Kf8  0-1

[Event "Dresden op"]
[Site "Dresden"]
[Date "1994.??.??"]
[Round "?"]
[White "Schlosser, Philipp"]
[Black "Czebe, Attila"]
[Result "1-0"]
[WhiteElo "2510"]
[BlackElo "2430"]

1.c4 Nf6 2.Nc3 g6 3.e4 d6 4.d4 Bg7 5.Be2 O-O 6.Nf3 e5 7.O-O Nbd7 8.Qc2 Qe7
9.Rd1 h6 10.Rb1 Nh7 11.dxe5 dxe5 12.Nd5 Qd8 13.c5 c6 14.Ne3 Qe7 15.b4 Ndf6
16.Bb2 Ng5 17.Nd2 Ne8 18.Ndc4 Nc7 19.a4 f5 20.exf5 gxf5 21.Nd6 e4 22.Bc4+ Kh8
23.f4 exf3 24.Nexf5 Bxf5 25.Nxf5 Rxf5 26.Qxf5 Rf8 27.Bxg7+ Qxg7 28.Qg4 Ne8
29.Rd8 Qg6 30.Rf1 h5 31.Qd4+ Kh7 32.g3 Kh6 33.Qd2 Kg7 34.Rd7+ Kh8 35.Qd4+ Nf6
36.Kh1 Qc2 37.Rf2 Qc1+ 38.Bf1 Nh3 39.Rxf3  1-0

[Event "RUS-ch (Women)"]
[Site "Elista"]
[Date "1994.??.??"]
[Round "?"]
[White "Titorenko, Natalia I"]
[Black "Kovalevskaya, Ekaterina"]
[Result "1/2-1/2"]
[WhiteElo "2100"]
[BlackElo "2305"]

1.d4 Nf6 2.Nf3 g6 3.c4 Bg7 4.Nc3 O-O 5.e4 d6 6.Be2 Nbd7 7.O-O e5 8.Re1 c6
9.Bf1 a5 10.Rb1 Re8 11.d5 Nc5 12.b3 Bd7 13.dxc6 Bxc6 14.Qc2 Rc8 15.Ba3 Qb6
16.Rbd1 Bf8 17.Bc1 a4 18.Bg5 axb3 19.axb3 Nfd7 20.Rb1 Ne6 21.Be3 Qc7 22.b4 b6
23.Rbd1 Nf6 24.Qb1 Ng4 25.Bc1 Nd4 26.h3 Nxf3+ 27.gxf3 Nf6 28.Bg5 Nh5 29.Qd3 Be7
30.Be3 Nf6 31.Rc1 Qb8 32.Re2 Bd7 33.Rec2 Rc7 34.Bg5 Be6 35.Bxf6 Bxf6 36.Nd5 Bg5
37.f4 Bxd5 38.fxg5 Bb7 39.f3 Qd8 40.Qe3 f6 41.Qxb6 fxg5 42.Rd2 g4 43.hxg4 Qg5
44.Rcd1 Rf7 45.Bg2 Re6 46.Rd3 h5 47.Qe3 Qxe3+ 48.Rxe3 hxg4 49.fxg4 Rf4 50.Bf3 Ref6
51.Rdd3 g5 52.Kh2 Rh6+ 53.Kg3 Rf7 54.Bg2 Bc8 55.c5 dxc5 56.Rd8+ Rf8 57.Rxf8+ Kxf8
58.bxc5 Rc6 59.Rc3 Ba6 60.Kf2 Ke7 61.Bf3 Bc8 62.Bd1 Be6  1/2-1/2

[Event "RUS-ch"]
[Site "Elista"]
[Date "1994.??.??"]
[Round "1"]
[White "Ruban, Vadim"]
[Black "Poluljahov, Aleksandr"]
[Result "1-0"]
[WhiteElo "2560"]
[BlackElo "2485"]

1.d4 Nf6 2.c4 g6 3.Nc3 Bg7 4.e4 d6 5.Nf3 O-O 6.Be2 e5 7.O-O exd4 8.Nxd4 Re8
9.f3 Nh5 10.g4 Nf6 11.Be3 h5 12.g5 Nh7 13.Qd2 Nxg5 14.Bxg5 Bxd4+ 15.Kh1 Bf6
16.Bxf6 Qxf6 17.Nd5 Qd8 18.Qh6 Be6 19.Rg1 Bxd5 20.Rxg6+ fxg6 21.Qxg6+ Kf8
22.cxd5 Qh4 23.Bb5 c6 24.Rg1 Ke7 25.Qe6+ Kd8 26.Qxd6+ Kc8 27.dxc6 Nxc6 28.Bxc6 Rd8  1-0

[Event "RUS-ch"]
[Site "Elista"]
[Date "1994.??.??"]
[Round "7"]
[White "Kiselev, Sergey"]
[Black "Poluljahov, Aleksandr"]
[Result "1-0"]
[WhiteElo "2460"]
[BlackElo "2485"]

1.d4 Nf6 2.c4 g6 3.Nc3 Bg7 4.e4 d6 5.Nf3 O-O 6.Be2 e5 7.Be3 Ng4 8.Bg5 f6
9.Bh4 Nc6 10.d5 Ne7 11.Nd2 Nh6 12.f3 g5 13.Bf2 f5 14.c5 Ng6 15.g3 g4 16.fxg4 f4
17.cxd6 cxd6 18.Nc4 Qf6 19.g5 Qxg5 20.Nxd6 Ng4 21.h4 Qh6 22.Bxg4 fxg3 23.Bxc8 Raxc8
24.Nxc8 gxf2+ 25.Kf1 Rxc8 26.Qg4 Rf8 27.Qg5  1-0

[Event "RUS-ch"]
[Site "Elista"]
[Date "1994.??.??"]
[Round "8"]
[White "Karpeshov, Oleg"]
[Black "Zakharevich, Igor"]
[Result "0-1"]
[WhiteElo "2440"]
[BlackElo "2415"]

1.d4 Nf6 2.Nf3 g6 3.c4 Bg7 4.Nc3 O-O 5.e4 d6 6.Be2 e5 7.O-O Qe8 8.dxe5 dxe5
9.Be3 b6 10.h3 Bb7 11.Nd5 Na6 12.Qc2 Nxd5 13.cxd5 c6 14.Bxa6 Bxa6 15.dxc6 Bxf1
16.Rxf1 f5 17.Rc1 h6 18.a4 f4 19.Bd2 g5 20.b4 Qg6 21.b5 h5 22.Bb4 Rf7 23.Rd1 g4
24.Rd6 Rf6 25.Nxe5 Qg5 26.Qc4+ Kh7 27.Nf7 Qg6 28.Ne5 Qg5 29.Nf7 Qg6 30.e5 Qxf7
31.Qd3+ Rg6 32.hxg4 hxg4 33.Bc3 Kh6 34.Bd2 Bxe5 35.Rd7 Qf6 36.g3 Rf8 37.gxf4 Bxf4
38.Qg3 Rg5 39.Bxf4 Qxf4 40.Rd6+ Kg7 41.Rd7+ Kg6 42.Rd6+ Kg7 43.Rd7+ Kg6 44.Rd6+ Kh5  0-1

[Event "RUS-ch"]
[Site "Elista"]
[Date "1994.??.??"]
[Round "8"]
[White "Shipov, Sergei"]
[Black "Ivanov, Mikhail M"]
[Result "1/2-1/2"]
[WhiteElo "2525"]
[BlackElo "2475"]

1.d4 Nf6 2.c4 g6 3.Nc3 Bg7 4.e4 d6 5.Be2 O-O 6.Nf3 e5 7.Be3 h6 8.O-O Ng4
9.Bc1 Nd7 10.d5 a5 11.Ne1 Ngf6 12.Nd3 b6 13.a3 Nc5 14.Nxc5 bxc5 15.Rb1 Rb8
16.Bd2 Bd7 17.Bd3 Nh5 18.g3 Nf6 19.Nb5 c6 20.dxc6 Bxc6 21.Re1 Nh7 22.Qc2 Ng5
23.Bxg5 hxg5 24.Rbd1 Bf6 25.Bf1 Be7 26.a4 g4 27.h3 gxh3 28.Bxh3 Kg7 29.Bg4 Rh8
30.Kg2 f5 31.Bf3 Qd7 32.Rh1 Rxh1 33.Rxh1 Qb7 34.Re1 Kf6 35.Qd3 Ke6 36.exf5+ gxf5
37.Bxc6 Qxc6+ 38.f3 Rh8 39.b3 Bd8 40.Rd1 Be7 41.Re1 Rh6 42.Qd2 Rg6 43.Rh1 f4
44.g4 Rxg4+ 45.Kf2 Bh4+ 46.Rxh4 Rxh4 47.Qxa5 Rh2+ 48.Kg1 Rh3 49.Qd8 Rg3+
50.Kh2 Rg7 51.Qh8 Qd7 52.Qh6+ Kf7 53.Nxd6+ Kg8 54.Ne4 Qf5 55.Nf6+ Kf7 56.Ne4 Kf8
57.Nf6 Kf7 58.Ne4 Kg8 59.Nf6+  1/2-1/2

[Event "RUS-ch"]
[Site "Elista"]
[Date "1994.??.??"]
[Round "11"]
[White "Tunik, Gennady"]
[Black "Balashov, Yuri S"]
[Result "1/2-1/2"]
[WhiteElo "2450"]
[BlackElo "2505"]

1.d4 g6 2.c4 Bg7 3.e4 d6 4.Nc3 Nd7 5.Nf3 e5 6.Be2 Ngf6 7.O-O O-O 8.Re1 h6
9.Bf1 Nh7 10.Be3 f5 11.exf5 gxf5 12.dxe5 dxe5 13.Qd5+ Kh8 14.Rad1 e4 15.Nd4 c6
16.Qd6 Ne5 17.Qxd8 Rxd8 18.Nb3 Re8 19.Bd4 Ng5 20.Kh1 b6 21.h3 Ne6 22.f3 Nxd4
23.Nxd4 exf3 24.Nxf3 Ba6 25.Nh4 f4 26.Nf5 Nf7 27.Nxg7 Kxg7 28.Kg1 Re5 29.Kf2 Rae8
30.Rxe5 Nxe5 31.Rd4 Rf8 32.b3 Bc8 33.Ne4 c5 34.Rd5 Nc6 35.Rd6 Nd4 36.Nc3 Bb7
37.Nb5 Nxb5 38.cxb5 Rf6 39.Rd2 Rf7 40.Bc4 Re7 41.Rd6 Be4 42.h4 h5 43.Bd5 Bd3
44.Kf3 Bxb5 45.Kxf4 Be2 46.Be6 b5 47.Rc6 c4 48.bxc4 Bxc4 49.Bxc4 bxc4 50.Kf3 Rd7
51.Rxc4 Rd3+ 52.Ke2 Ra3 53.Rc2 Kf6 54.Kf2 Kf5 55.Rc5+  1/2-1/2

[Event "Eupen op act"]
[Site "Eupen"]
[Date "1994.??.??"]
[Round "4"]
[White "Roeder, Mathias"]
[Black "Burovic, Ismet"]
[Result "1-0"]
[WhiteElo "2435"]
[BlackElo "2310"]

1.d4 Nf6 2.c4 g6 3.Nc3 Bg7 4.e4 d6 5.Be2 O-O 6.Nf3 e5 7.dxe5 dxe5 8.Qxd8 Rxd8
9.Bg5 c6 10.Nxe5 Re8 11.O-O-O Na6 12.Rd6 Nh5 13.Nd3 Bf8 14.Rd8 Rxd8 15.Bxd8 Bh6+
16.Kc2 Be6 17.Be7 Bxc4 18.Bxh5 gxh5 19.b3 Be6 20.Bf6 Bg7 21.Bxg7 Kxg7 22.h4 c5
23.Nf4 c4 24.Nxe6+ fxe6 25.bxc4 Rc8 26.Rd1 Rxc4 27.Rd7+ Kf6 28.Rxb7 Nc5 29.Rxh7 Ke5
30.Kd2 Rd4+ 31.Ke2 Nxe4 32.Rxh5+ Kf4 33.Nxe4 Rxe4+ 34.Kd3 Ra4 35.Rc5 Rxa2
36.Rc4+ Ke5 37.Ke3 Ra3+ 38.Ke2 Kf5 39.g4+ Kf6 40.Rc5 a5 41.f3 a4 42.h5 e5
43.Kf2 Rb3 44.Rc6+ Kf7 45.Ra6 a3 46.g5 e4 47.fxe4 Rb5 48.g6+  1-0

[Event "Eupen op act"]
[Site "Eupen"]
[Date "1994.??.??"]
[Round "6"]
[White "Chuchelov, Vladimir"]
[Black "Kovalev, Andrei"]
[Result "1/2-1/2"]
[WhiteElo "2495"]
[BlackElo "2530"]

1.d4 Nf6 2.Nf3 g6 3.c4 Bg7 4.Nc3 O-O 5.e4 d6 6.Be2 e5 7.O-O exd4 8.Nxd4 Re8
9.f3 Nh5 10.Nc2 Nc6 11.Nd5 f5 12.exf5 Bxf5 13.Bd3 Bxd3 14.Qxd3 Ne5 15.Qb3 c6
16.Nde3 Nf4 17.Bd2 Ned3 18.g3 Ne2+ 19.Kg2 Qg5 20.Kh1 Nc5 21.Qa3 Nxg3+ 22.hxg3 Qxg3
23.Be1 Qh3+ 24.Kg1 Re5 25.Ng2 Rg5 26.Rf2 Rh5 27.Kf1 Re8 28.Ne3 Bd4 29.Ke2 Rg5
30.Rd1 Ne6 31.Rxd4 Nxd4+ 32.Kd1 Nxf3 33.Bc3 Qg3 34.Re2  1/2-1/2

[Event "FIN-chT"]
[Site "?"]
[Date "1994.??.??"]
[Round "?"]
[White "Norri, Joose"]
[Black "Hartikainen, Markku"]
[Result "0-1"]
[WhiteElo "2385"]
[BlackElo "2235"]

1.d4 Nf6 2.c4 g6 3.Nc3 Bg7 4.e4 d6 5.Be2 O-O 6.Nf3 e5 7.d5 a5 8.Bg5 h6 9.Bh4 Na6
10.Nd2 Qe8 11.O-O Nh7 12.Kh1 h5 13.f3 Bh6 14.b3 Be3 15.a3 Bd7 16.Ra2 g5 17.Be1 h4
18.Bd3 Nf6 19.Nb5 Nh5 20.Nb1 Kg7 21.Rff2 Bxf2 22.Rxf2 Nf4 23.Bf1 f5 24.exf5 Bxf5
25.Bxa5 Qg6 26.Nd2 c6 27.Nc3 Nc5 28.b4 Ncd3 29.Bxd3 Nxd3 30.Rf1 g4 31.Nde4 cxd5
32.cxd5 Nf4 33.g3 gxf3 34.Qxf3 Bg4  0-1

[Event "Finkenstein op"]
[Site "Finkenstein"]
[Date "1994.??.??"]
[Round "?"]
[White "Pokupec, Vilim"]
[Black "Bergen, Peter"]
[Result "0-1"]
[WhiteElo "1710"]
[BlackElo "2185"]

1.c4 Nf6 2.d4 g6 3.Nc3 Bg7 4.e4 d6 5.Nf3 O-O 6.Be2 e5 7.d5 a5 8.Be3 Na6 9.a3 Nc5
10.Bxc5 dxc5 11.O-O Ne8 12.Nd2 Nd6 13.Rb1 f5 14.Bf3 Bh6 15.b3 Bd7 16.Re1 Qf6
17.Rb2 b6 18.Qe2 Bxd2 19.Rxd2 Rae8 20.Qd3 Re7 21.Rde2 f4 22.Rb2 h5 23.h3 Rh7
24.Qe2 Qh4 25.Kh2 g5 26.Qf1 g4 27.Bd1 Rg7 28.Na2 gxh3 29.gxh3 f3  0-1

[Event "Finkenstein op"]
[Site "Finkenstein"]
[Date "1994.??.??"]
[Round "?"]
[White "Bodner, Alfred"]
[Black "Haider, Bernd"]
[Result "0-1"]
[WhiteElo "2085"]
[BlackElo "2000"]

1.c4 g6 2.d4 Bg7 3.Nc3 d6 4.Nf3 Nf6 5.e4 O-O 6.Be2 e5 7.d5 a5 8.O-O Na6 9.Bg5 h6
10.Be3 Ng4 11.Bd2 f5 12.exf5 gxf5 13.h3 Nf6 14.Nh2 f4 15.Bf3 Nc5 16.Qc2 Nh7
17.Be4 Nxe4 18.Nxe4 Bf5 19.f3 Qe8 20.Ng4 Qg6 21.Ngf2 Bf6 22.Qd1 Bh4 23.Kh1 Bg3
24.Nxg3 Qxg3 25.Ng4 Qh4 26.Be1 Qh5 27.Kg1 Nf6 28.Nxf6+ Rxf6 29.Kh2 Rg6 30.Rg1 Kh7
31.h4 Rag8 32.g4 fxg3+ 33.Kg2 Qxh4 34.Rh1 Qh2+  0-1

[Event "Formia op"]
[Site "Formia"]
[Date "1994.??.??"]
[Round "6"]
[White "Bartolini, Tommaso"]
[Black "Martorelli, Antonio"]
[Result "0-1"]
[WhiteElo "2090"]
[BlackElo "2245"]

1.d4 Nf6 2.c4 g6 3.Nc3 Bg7 4.e4 d6 5.Be2 O-O 6.Nf3 Na6 7.O-O e5 8.Be3 Qe7
9.dxe5 dxe5 10.Nd5 Qd6 11.Nxf6+ Qxf6 12.Qa4 Qe7 13.Qb5 b6 14.Rfd1 h6 15.Rac1 c5
16.Qc6 Bb7 17.Qb5 Rfd8 18.Rxd8+ Rxd8 19.a3 Nb8 20.Nd2 Nc6 21.Qa4 Nd4 22.Bxd4 Rxd4
23.Nb3 Rd8 24.Qxa7 Qc7 25.Rd1 Ra8  0-1

[Event "Formia op"]
[Site "Formia"]
[Date "1994.??.??"]
[Round "6"]
[White "Giorgadze, Giorgi"]
[Black "Iashvili, Akaki"]
[Result "1-0"]
[WhiteElo "2555"]
[BlackElo "2425"]

1.Nf3 g6 2.c4 Bg7 3.Nc3 Nf6 4.e4 O-O 5.d4 d6 6.Be2 e5 7.Be3 c6 8.d5 Ng4 9.Bg5 f6
10.Bh4 Na6 11.O-O c5 12.Ne1 h5 13.Nd3 g5 14.Bg3 f5 15.exf5 Bxf5 16.Bxg4 Bxg4
17.f3 Bf5 18.Ne4 Bh6 19.Qd2 Kh7 20.Bf2 Bxe4 21.fxe4 Qe8 22.Qe2 Qg6 23.g4 Rf4
24.gxh5 Qxe4 25.Nxf4 Qxf4 26.Bxc5  1-0

[Event "Formia op"]
[Site "Formia"]
[Date "1994.??.??"]
[Round "9"]
[White "Naumkin, Igor"]
[Black "Robovic, Saudin"]
[Result "1-0"]
[WhiteElo "2455"]
[BlackElo "2410"]

1.d4 Nf6 2.c4 g6 3.Nc3 Bg7 4.e4 d6 5.Nf3 O-O 6.Be2 e5 7.d5 a5 8.Bg5 h6 9.Bh4 Na6
10.Nd2 Qe8 11.O-O Bd7 12.b3 Nh7 13.a3 h5 14.f3 Bh6 15.Kh1 Be3 16.Rb1 Qb8
17.b4 axb4 18.axb4 Qa7 19.Qc2 g5 20.Be1 h4 21.Nd1 Bb6 22.Qc1 f5 23.exf5 Bxf5
24.Rb3 c6 25.dxc6 bxc6 26.Ra3 Qb7 27.c5 Nxc5 28.Rxa8 Qxa8 29.bxc5 Bxc5 30.Nc4 h3
31.Nf2 hxg2+ 32.Kxg2 Qe8 33.Ne3 Bxe3 34.Qxe3 d5 35.Bb4 Rf6 36.Kh1 Re6 37.Rg1 Qh5
38.Ng4 d4 39.Qb3 Kg7 40.Bc4 Re8 41.Bd2 e4 42.Qb7+ Kh8 43.Qb6  1-0

[Event "FRA-chT "]
[Site "FRA"]
[Date "1994.??.??"]
[Round "4"]
[White "Olivier, Pierre"]
[Black "Sellos, Didier"]
[Result "0-1"]
[WhiteElo "2240"]
[BlackElo "2420"]

1.d4 Nf6 2.Nf3 g6 3.c4 Bg7 4.Nc3 O-O 5.e4 d6 6.Be2 Nbd7 7.O-O e5 8.d5 Nc5
9.Qc2 a5 10.Bg5 h6 11.Be3 Nfd7 12.Nd2 b6 13.Kh1 h5 14.Rab1 h4 15.b3 f5 16.exf5 gxf5
17.f4 e4 18.Nd1 Qf6 19.Nf2 Qh6 20.Rbe1 Rf7 21.Nb1 Nf8 22.Na3 Bd7 23.Qd2 Re8
24.Nc2 Bf6 25.Nh3 Rg7 26.Bd4 Bxd4 27.Qxd4 Nh7 28.Ne3 Rf8 29.Rg1 Rff7 30.Ref1 Re7
31.Re1 Nf6 32.Rgf1 Rg6 33.Ng5 Reg7 34.Rg1 Nh5 35.Bxh5 Qxh5 36.Nh3 Qh6 37.Ref1 Nd3
38.Qa1 Re7 39.Qd4 Qh5 40.Nd1 Qh6 41.Ne3 Qh5 42.Qa1 Qe2 43.Re1 Qd2 44.Qd1 Qc3
45.Re2 Qh8 46.Rf1 Reg7 47.Rd2 Qh6 48.Qe2 Rf6 49.Qd1 Rf8 50.Qe2 Qf6 51.Qd1 Qc3
52.Re2 a4 53.Qd2 Qf6 54.Nd1 axb3 55.axb3 Ra8 56.Qc3 Qxc3 57.Nxc3 Ra3 58.Rb1 Rg4
59.Ra2 Rxa2 60.Nxa2 Nxf4 61.Nxf4 Rxf4 62.Kg1 b5 63.Nc3 e3 64.Ne2 Rf2 65.Rb2 f4
66.Ra2 h3 67.Nc1 Rxa2 68.Nxa2 e2  0-1

[Event "FRA-chT "]
[Site "FRA"]
[Date "1994.??.??"]
[Round "6"]
[White "Herb, Pascal"]
[Black "San Marco, Bruno"]
[Result "1-0"]
[WhiteElo "2365"]
[BlackElo "2240"]

1.d4 Nf6 2.Nf3 g6 3.c4 Bg7 4.Nc3 O-O 5.e4 d6 6.Be2 Na6 7.O-O e5 8.Re1 Qe8
9.Bf1 Bg4 10.d5 Nb4 11.Be2 a5 12.Rb1 Nh5 13.a3 Na6 14.h3 Bd7 15.b4 axb4 16.axb4 f5
17.Bf1 Nf6 18.exf5 gxf5 19.c5 Ne4 20.Nxe4 fxe4 21.Ng5 dxc5 22.Bxa6 Rxa6 23.bxc5 Qg6
24.Rxb7 Ra2 25.Rf1 e3 26.Bxe3 Rfa8 27.Rxc7 Bb5 28.Qb3 Bxf1 29.d6+  1-0

[Event "FRA-chT "]
[Site "FRA"]
[Date "1994.??.??"]
[Round "7"]
[White "Laclau, Daniel"]
[Black "Belkhodja, Slim"]
[Result "1-0"]
[WhiteElo "2245"]
[BlackElo "2390"]

1.d4 Nf6 2.c4 d6 3.Nf3 g6 4.Nc3 Bg7 5.e4 O-O 6.Be2 e5 7.O-O Nbd7 8.Re1 c6
9.Bf1 exd4 10.Nxd4 Ng4 11.Qxg4 Bxd4 12.Be3 Bxe3 13.Rxe3 Ne5 14.Qg3 h5 15.h3 h4
16.Qh2 Qf6 17.f4 Nxc4 18.Bxc4 Qd4 19.Bxf7+ Rxf7 20.Re1 Be6 21.g4 hxg3 22.Qxg3 Kh8
23.Kh2 Rh7 24.Qg2 Rg8 25.Rg3 Qf6 26.Rf1 Rgg7 27.Rff3 d5 28.Qf2 Rd7 29.e5 Qf5
30.Qd4 b6 31.b4 Rh4 32.Ne2 Kh7 33.Qc3 Rc7 34.Nd4 Qf7 35.Qc1 Bf5 36.Nxf5 Qxf5
37.Rg5 Qe4 38.Qf1 Rf7 39.Rg4 Rh5 40.Rgg3 Rhf5 41.Rg4 Qxb4 42.Qf2 Qe4 43.Qg3 Rxe5
44.f5 Qc2+ 45.Rf2 Qxf2+ 46.Qxf2 Rexf5 47.Qh4+ Kg7 48.Rg2 c5 49.Qg3 R7f6 50.Re2 d4
51.Re7+ Rf7 52.Rxf7+ Rxf7 53.Qe5+ Kh7 54.Kg3 c4 55.Qxd4 b5 56.Qc5 Rf5 57.Qxa7+ Kg8
58.Qc7 Kh8 59.Kg4 Kg8 60.h4 Kh8 61.h5  1-0

[Event "FRA-chT "]
[Site "FRA"]
[Date "1994.??.??"]
[Round "8"]
[White "Bonneville, JP."]
[Black "Vallet, Marc"]
[Result "0-1"]
[WhiteElo "2040"]
[BlackElo "2060"]

1.Nf3 Nf6 2.c4 g6 3.Nc3 Bg7 4.e4 d6 5.d4 O-O 6.Be2 e5 7.dxe5 dxe5 8.Qxd8 Rxd8
9.Bg5 Nbd7 10.O-O-O Rf8 11.Nd2 c6 12.Be3 Re8 13.f3 b6 14.c5 Bf8 15.Nb3 Nh5
16.g3 Ng7 17.a4 Ne6 18.cxb6 axb6 19.Rxd7 Bxd7 20.Bxb6 Nd4 21.Nxd4 exd4 22.Bxd4 c5
23.Be3 Bxa4 24.Nd5 Reb8 25.Bf4 Rb7 26.Nf6+ Kh8 27.Be5 Bg7 28.Bc4 Bb3 29.Bxb3 Ra1+
30.Kc2 Rxh1 31.h4 Rh2+ 32.Kc3 Rb6 33.Nd7 Bxe5+ 34.Nxe5 f6 35.Nd7 Rd6 36.Nxc5 Rc6  0-1

[Event "Gausdal Int"]
[Site "Gausdal"]
[Date "1994.??.??"]
[Round "1"]
[White "Lyrberg, Patrik"]
[Black "Kotronias, Vasilios"]
[Result "1/2-1/2"]
[WhiteElo "2405"]
[BlackElo "2545"]

1.d4 Nf6 2.c4 g6 3.Nc3 Bg7 4.e4 d6 5.Nf3 O-O 6.Be2 e5 7.d5 a5 8.Bg5 h6 9.Bh4 Qe8
10.Nd2 Na6 11.a3 Bd7 12.b3 Nh7 13.Rb1 f5 14.f3 h5 15.b4 axb4 16.axb4 Bh6
17.Bf2 Qe7 18.Qc2 h4 19.c5 dxc5 20.bxc5 Nxc5 21.Nb5 b6 22.Nb3 h3 23.Nxc5 bxc5
24.g3 Bxb5 25.Bxb5 Ng5 26.Be2 fxe4 27.fxe4 Rxf2 28.Kxf2 Qf6+ 29.Ke1 Nf3+
30.Bxf3 Qxf3 31.Rf1 Bd2+ 32.Kxd2 Qg2+ 33.Kc3 Ra3+ 34.Rb3 Rxb3+ 35.Qxb3 Qxf1
36.d6+ Kg7 37.dxc7 Qf3+ 38.Kb2 Qe2+ 39.Ka3 Qa6+ 40.Kb2 Qe2+  1/2-1/2

[Event "Gausdal Int"]
[Site "Gausdal"]
[Date "1994.??.??"]
[Round "5"]
[White "Fyllingen, Roy Harald"]
[Black "Ernst, Thomas"]
[Result "0-1"]
[WhiteElo "2335"]
[BlackElo "2485"]

1.d4 d6 2.Nf3 g6 3.c4 Bg7 4.Nc3 Nf6 5.e4 O-O 6.Be2 e5 7.d5 Nbd7 8.Bg5 h6
9.Bh4 g5 10.Bg3 Nh5 11.h4 g4 12.Nh2 f5 13.exf5 Nxg3 14.fxg3 Nc5 15.O-O Bxf5
16.b4 e4 17.Rc1 Nd3 18.Bxd3 exd3 19.Rxf5 Rxf5 20.Qxd3 Qf6 21.Nb5 h5 22.Nxc7 Qd4+
23.Qxd4 Bxd4+ 24.Kh1 Rc8 25.Ne6 Rxd5 26.Nf1 Bb6 27.Kh2 Rd3 28.Nf4 Rd4 29.Nxh5 Rdxc4
30.Re1 Rc1  0-1

[Event "Arnold Cup"]
[Site "Gausdal"]
[Date "1994.??.??"]
[Round "5"]
[White "Lyrberg, Patrik"]
[Black "Lanka, Zigurds"]
[Result "1/2-1/2"]
[WhiteElo "2415"]
[BlackElo "2535"]

1.d4 Nf6 2.Nf3 g6 3.c4 Bg7 4.Nc3 d6 5.e4 O-O 6.Be2 e5 7.d5 Nbd7 8.Bg5 h6
9.Bh4 g5 10.Bg3 Nh5 11.h4 g4 12.Nh2 f5 13.exf5 Nc5 14.O-O Bxf5 15.Bxg4 Nxg3
16.fxg3 Bd3 17.Be2 e4 18.Bxd3 exd3 19.Qg4 Kh8 20.Nf3 c6 21.Kh2 Qc8 22.Qh5 Qe8
23.Qg4 Qc8 24.Qh5 Qe8  1/2-1/2

[Event "Arnold Cup"]
[Site "Gausdal"]
[Date "1994.??.??"]
[Round "7"]
[White "Lyrberg, Patrik"]
[Black "Sepp, Olav"]
[Result "1-0"]
[WhiteElo "2415"]
[BlackElo "2485"]

1.d4 Nf6 2.c4 g6 3.Nc3 Bg7 4.e4 d6 5.Nf3 O-O 6.Be2 e5 7.d5 a5 8.Bg5 h6 9.Bh4 Na6
10.Nd2 Qe8 11.a3 Bd7 12.b3 Nh7 13.f3 h5 14.Rb1 Bh6 15.O-O Be3+ 16.Bf2 Bc5
17.Qc1 Qe7 18.Bxc5 Nxc5 19.b4 axb4 20.axb4 Na4 21.c5 Nxc3 22.Qxc3 Qg5 23.Rf2 f5
24.c6 bxc6 25.dxc6 Be6 26.b5 Nf6 27.Bc4 Bxc4 28.Qxc4+ Kh8 29.f4 exf4 30.Nf3 Qh6
31.exf5 gxf5 32.Nh4 Ng4 33.Rxf4 Ne5 34.Qd4 Qg7 35.Kh1 Ra2 36.b6 cxb6 37.Qxd6 Kh7
38.h3 Rc2 39.Re1 Nxc6 40.Qd1 Rc5 41.Qxh5+ Qh6 42.Qxh6+ Kxh6 43.Nxf5+ Rfxf5
44.Rxf5 Rxf5 45.Re6+ Kg5 46.Rxc6 b5 47.g3 Rd5 48.Kg2 Kf5 49.h4 b4 50.Rb6 Rd4
51.Kh3 Rc4 52.g4+ Kf4 53.Rf6+ Ke5 54.Rf5+ Ke4 55.h5 b3 56.Rb5 Rc3+ 57.Kh4 Kf3
58.h6 Kf4 59.h7 Rc2 60.Rxb3  1-0

[Event "Peer Gynt"]
[Site "Gausdal"]
[Date "1994.??.??"]
[Round "7"]
[White "Kumaran, Dharshan"]
[Black "Andersen, Jackie"]
[Result "1/2-1/2"]
[WhiteElo "2495"]
[BlackElo "2325"]

1.d4 g6 2.c4 Bg7 3.Nc3 d6 4.e4 Nf6 5.Be2 O-O 6.Nf3 e5 7.d5 c5 8.Bg5 h6 9.Bh4 a6
10.Nd2 Qe8 11.a3 Nh7 12.b4 b6 13.O-O Bf6 14.Bxf6 Nxf6 15.bxc5 bxc5 16.Rb1 Qd8
17.Qa4 Ne8 18.Rb2 f5 19.Rfb1 Nd7 20.Qc2 Ng7 21.Na4 Ra7 22.Nb6 Nxb6 23.Rxb6 f4
24.Rb8 h5 25.Qb3 g5 26.f3 Qa5 27.Rb2 Rd7 28.Bd1 Rdd8 29.h3 Qc7 30.Qb6 Qe7  1/2-1/2

[Event "Arnold Cup"]
[Site "Gausdal"]
[Date "1994.??.??"]
[Round "7"]
[White "Tisdall, Jonathan D"]
[Black "Sammalvuo, Tapani"]
[Result "1-0"]
[WhiteElo "2465"]
[BlackElo "2280"]

1.d4 Nf6 2.c4 g6 3.Nc3 Bg7 4.e4 d6 5.Be2 O-O 6.Nf3 e5 7.Be3 h6 8.O-O Ng4
9.Bc1 Nc6 10.d5 Ne7 11.Ne1 f5 12.Bxg4 fxg4 13.Nc2 g5 14.Ne3 Rf4 15.Qd3 Ng6
16.a4 Nh4 17.Ne2 Qf6 18.Bd2 Qg6 19.Ng3 Bd7 20.b4 Raf8 21.b5 Qf7 22.Qe2 Nf3+
23.gxf3 gxf3 24.Qd3 Rh4 25.Rfc1 Qf4 26.Ra3 Qf7 27.c5 Rh3 28.cxd6 Rxg3+ 29.hxg3 Qh5
30.Rxc7 Bh3 31.d7 Bf6 32.d6 g4 33.Qd5+ Kh8 34.Rc8  1-0

[Event "Arnold Cup"]
[Site "Gausdal"]
[Date "1994.??.??"]
[Round "9"]
[White "Tisdall, Jonathan D"]
[Black "Nijboer, Friso"]
[Result "1-0"]
[WhiteElo "2465"]
[BlackElo "2530"]

1.Nf3 g6 2.c4 Bg7 3.d4 Nf6 4.Nc3 O-O 5.e4 d6 6.Be2 e5 7.Be3 Ng4 8.Bg5 f6
9.Bh4 Nc6 10.d5 Ne7 11.Nd2 Nh6 12.f3 c5 13.Rb1 g5 14.Bf2 f5 15.b4 b6 16.bxc5 bxc5
17.O-O f4 18.Rb3 Ng6 19.Re1 Nf7 20.Qb1 h5 21.h3 Bf6 22.Qd3 Nh6 23.Reb1 g4
24.fxg4 f3 25.Bxf3 Nf4 26.Qc2 hxg4 27.hxg4 Nxg4 28.Nd1 Nxf2 29.Nxf2 Bh4 30.Nd3 Qg5
31.Nxf4 exf4 32.Rb8 Rxb8 33.Rxb8 Qg7 34.e5 dxe5 35.Ne4 Bg3 36.d6 Qh6 37.Qc3 Bf5
38.Nxg3 fxg3 39.Bd5+ Kh8 40.Qxe5+ Kh7 41.Rb7+  1-0

[Event "Geneve op"]
[Site "Geneve"]
[Date "1994.??.??"]
[Round "1"]
[White "Legky, Nikolay A"]
[Black "Bennett, John"]
[Result "1-0"]
[WhiteElo "2525"]
[BlackElo "2205"]

1.d4 Nf6 2.Nf3 g6 3.c4 Bg7 4.Nc3 O-O 5.e4 d6 6.Be2 e5 7.O-O exd4 8.Nxd4 Re8
9.f3 Nh5 10.g4 Nf6 11.Be3 Nc6 12.Qd2 Nd7 13.Rad1 Nde5 14.Kh1 f6 15.Nd5 Nf7
16.Nb5 Rf8 17.Nbxc7 Rb8 18.Nb5 b6 19.Ndc3 Qe7 20.Nxd6 Nxd6 21.Qxd6 Qxd6 22.Rxd6 Ne5
23.Rfd1  1-0

[Event "Geneve op"]
[Site "Geneve"]
[Date "1994.??.??"]
[Round "4"]
[White "Khenkin, Igor"]
[Black "Cvitan, Ognjen"]
[Result "1/2-1/2"]
[WhiteElo "2555"]
[BlackElo "2570"]

1.d4 Nf6 2.c4 g6 3.Nc3 Bg7 4.e4 d6 5.Nf3 O-O 6.Be2 e5 7.d5 a5 8.Bg5 h6 9.Bh4 Na6
10.O-O Bd7 11.Nd2 Qe8 12.Kh1 Nh7 13.a3 h5 14.f3 Bh6 15.Rb1 a4 16.Nb5 b6 17.b4 axb3
18.Nxb3 Bg5 19.Bxg5 Nxg5 20.Qd2 Qe7 21.a4 f6 22.a5 Rfb8 23.Ra1 Kf7 24.Ra3 bxa5
25.Rxa5 c6 26.dxc6 Bxc6 27.Rfa1 Nc5 28.Qe3 Nxb3 29.Qxb3 Rxa5 30.Rxa5 h4 31.Ra6  1/2-1/2

[Event "Geneve op"]
[Site "Geneve"]
[Date "1994.??.??"]
[Round "6"]
[White "Peric, Slavisa"]
[Black "Olivier, Jean Christophe"]
[Result "1-0"]
[WhiteElo "2335"]
[BlackElo "2230"]

1.d4 Nf6 2.c4 g6 3.Nc3 Bg7 4.e4 d6 5.Nf3 O-O 6.Be2 e5 7.dxe5 dxe5 8.Qxd8 Rxd8
9.Nd5 Nxd5 10.cxd5 c6 11.Bc4 b5 12.Bb3 Bb7 13.Bg5 Rd7 14.Rc1 a5 15.a3 a4
16.Ba2 cxd5 17.Bxd5 Na6 18.Bxb7 Rxb7 19.Rc6 Nc7 20.Ke2 Ne6 21.Rhc1 Nxg5 22.Rc8+ Rxc8
23.Rxc8+ Bf8 24.Nxg5 Kg7 25.Kd3 b4 26.axb4 Rxb4 27.Rc2 Be7 28.Nf3 f6 29.Nd2 Rd4+
30.Ke3 a3 31.bxa3 Bxa3 32.f4 Ra4 33.Rc7+ Kg8 34.fxe5 fxe5 35.Nc4 Ra8 36.Rc6 Bc1+
37.Kd3 Ra2 38.Nxe5 Bf4 39.Nf3 Rxg2 40.Rc2 Rg4 41.e5 Bg5 42.Nxg5 Rxg5 43.Ke4 Rg1
44.Kd5 Kg7 45.Rc7+ Kh6 46.e6 Re1 47.Rf7 g5 48.Kd6 Kg6 49.Rf8 Rd1+ 50.Kc7 Re1
51.Kd7 Rd1+ 52.Ke8 Re1 53.e7 g4 54.Kd7 h5 55.e8=Q+ Rxe8 56.Kxe8 h4 57.Ke7 Kg5
58.Ke6 g3 59.h3 g2 60.Ke5 g1=Q 61.Rg8+  1-0